| 000 | 00723 a2200265 4500 | ||
|---|---|---|---|
| 001 | 23341 | ||
| 999 |
_c23341 _d21917 |
||
| 003 | TR-AnTOB | ||
| 005 | 20191101154138.0 | ||
| 008 | 161122s1998 tu 000 0 | ||
| 020 | _z9757763721 | ||
| 040 | _aTR-AnTOB | ||
| 041 | _atur | ||
| 050 |
_aHB172 _b.H4619 1998 |
||
| 090 | _aHB172 .H4619 1998 | ||
| 100 |
_aHenderson, James M. _916932 |
||
| 245 | 0 |
_aMikro iktisat : _bmatematiksel bir yaklasım / _cJames M. Henderson ; Richard E. Quant. _cev. Erhan Ada...[ et al. ] |
|
| 250 | _a2. bs. | ||
| 264 | 1 |
_aAnkara : _bGazi Kitabevi, _c1998 |
|
| 300 |
_a378 p. ; _c24 cm. |
||
| 500 | _aIncludes bibliographies. | ||
| 650 |
_aMikroekonomi _99596 |
||
| 902 | _a0010856 | ||
| 942 | _cBK | ||